Word Ladder: It Was a Very Good Year Quiz Stats

Quiz Updated Apr 24, 2015

Challenge
Share
Tweet
Embed
Score 0/32 Timer 04:00
2 Plays Today
Hint 4-Letter Word % Correct
❂ Strong metal (Fe, #26) ❂IRON
98.6%
Italy shapeBOOT
97%
Modern-day PersiaIRAN
96.6%
❂ Wintry precipitation ❂SNOW
96.6%
Below average speedSLOW
96.5%
Nasal dischargeSNOT
96.1%
Black chimney residueSOOT
95.8%
❂ Not more ❂LESS
94.7%
Head honcho at workBOSS
94.7%
❂ Toothpaste container ❂TUBE
93.7%
Result of getting beatLOSS
93.5%
Sports fan's chants of displeasureBOOS
93.5%
❂ Not sharp or natural in music ❂FLAT
93.4%
'The Nanny' actress DrescherFRAN
92.8%
Rubik's geometrical objectCUBE
92.7%
Move in a steady streamFLOW
92.5%
Hint 4-Letter Word % Correct
Male college association (abbrev.)FRAT
92.3%
Adjust instrument to correct pitchTUNE
91.3%
A constrictor snake and a decorative scarfBOAS
91.2%
DefectFLAW
89.7%
CertainSURE
88.4%
Robert Smith band: The ____CURE
86.3%
Achy and in painSORE
84.6%
Fork prongTINE
81.1%
Flexible water conduitHOSE
78.2%
Dorothy Gale's goalHOME
78.1%
❂ Prejudice, favoritism ❂BIAS
77.4%
Deputy Führer RudolfHESS
76.4%
❂ Undetermined or unspecified number ❂SOME
76.2%
Dan Blocker's 'Bonanaza' characterHOSS
74.7%
Computer firmware that boots the operating systemBIOS
74%
❂❂ COMMON BOND (US spelling) ❂❂TIRE
33.1%

Today's Daily Dose

Missing Word
For Dummies Books

Word Ladder
Ariana Grande

Quick Pick
1970s Authors

On This Day
June 21st II

You're not logged in!

Compare scores with friends on all Sporcle quizzes.
Join for Free
OR
Log In

You Might Also Like...

Show Comments

Extras

Top Quizzes Today


Score Distribution

Your Account Isn't Verified!

In order to create a playlist on Sporcle, you need to verify the email address you used during registration. Go to your Sporcle Settings to finish the process.

Report this User

Report this user for behavior that violates our Community Guidelines.

Details: